แสดงรายละเอียดบรรณานุกรม
  กลับหน้าหลัก

Brief Record : Get Marc (ISO 2709) : E-mail record : QR code ปิดหน้าต่าง
LEADER 00000nama 2200000uu 4500
008    040531s|||| th m m a000 0 tha d
020    978-974-8455-00-6
041    tha
050    วจ LB ศ675
100    ศุภวดี แถวเพีย...[และคนอื่นๆ].
245    รายงานการวิจัย เรื่องการศึกษาการใช้แฟ้มสะสมงานต่อความสามารถในการคิดวิจารณญาณและผลสัมฤทธิ์ทางการเรียนในการฝึกภาคปฏิบัติวิชาการพยาบาลสูติศาสตร์ 2 ของนักศึกษาพยาบาลศาสตรบัณฑิต(ต่อเนื่อง 2 ปี) ชั้นปีที่ 1 รุ่นที่ 14 วิทยาลัยพยาบาลศรีมหาสารคาม = The study of u
260    มหาสารคาม. วิทยาลัยพยาบาลศรีมหาสารคาม. 2550.
300    122แผ่น.
650    แฟ้มผลงานการศึกษา.
995    004
รายการนี้ยังไม่มีแท็ก
คุณยังไม่ได้ล็อกอิน คุณสามารถมีกิจกรรมร่วมกับเว็บไซต์ได้ แต่ต้องล็อกอินก่อน ::
  ล็อกอิน
ลำดับที่ ประเภท เลขเรียก สถานที่ สถานะ
1. หนังสือทั่วไป
หนังสือทั่วไป
วจ LB ศ675  
  
หนังสือทั่วไป On Shelf
  ขอยืม
   [แสดง 1/1 รายการ]

BibComment


ยังไม่เคยถูกคอมเมนท์

คอมเมนท์ทรัพยากรรายการนี้
  คอมเมนท์: รายงานการวิจัย เร..
Bib 196159

 
 
 

 Union Library Management : ULibM
Copyright 2026. All Rights Reserved.
скачать бесплатно без регистрации порно красивый секс HD Sex Hindi sex

xxx gou

xxxx

bfxxx

xxxwww

Секса Видео

xxxx

Секса Видео

detube

geilexxx

C99 Shell

worms shell

blod xxx video
Ebony Coed Rihanna Rimes Takes A Dick In Her Young Twat priyaa indian fuck anal and pusssy hardcore indian women xxx desi hardcore fucking part 1 bengalixxxcouple